000 00335nam a2200145Ia 4500
008 260319s9999 xx 000 0 und d
020 _a9.789386479e+012
082 _a621.46
_bCHI/E
100 _aChilikin,M
245 0 _aElectric Drive
250 _a1st Ed.
260 _aNew Delhi
_bMedtech
_c2018
300 _a494p.
942 _cBK
999 _c51043
_d51043